101 More Traning Games (Record no. 62477)
[ view plain ]
| 000 -LEADER | |
|---|---|
| fixed length control field | 00654nam a22002057a 4500 |
| 003 - CONTROL NUMBER IDENTIFIER | |
| control field | NUST - PNEC |
| 005 - DATE AND TIME OF LATEST TRANSACTION | |
| control field | 20170116180749.0 |
| 008 - FIXED-LENGTH DATA ELEMENTS--GENERAL INFORMATION | |
| fixed length control field | 150304b xxu||||| |||| 00| 0 eng d |
| 020 ## - INTERNATIONAL STANDARD BOOK NUMBER | |
| International Standard Book Number | 007101215X |
| 020 ## - INTERNATIONAL STANDARD BOOK NUMBER | |
| International Standard Book Number | 9780071012157 |
| 040 ## - CATALOGING SOURCE | |
| Transcribing agency | LIBRARY |
| 082 ## - DEWEY DECIMAL CLASSIFICATION NUMBER | |
| Classification number | 658.3124 KRO |
| 100 ## - MAIN ENTRY--PERSONAL NAME | |
| 9 (RLIN) | 1590 |
| Personal name | Kroehnert Gray |
| 245 ## - TITLE STATEMENT | |
| Title | 101 More Traning Games |
| Statement of responsibility, etc. | Gray Kroehnert |
| 260 ## - PUBLICATION, DISTRIBUTION, ETC. | |
| Place of publication, distribution, etc. | Australia |
| Name of publisher, distributor, etc. | McGraw Hill |
| Date of publication, distribution, etc. | c1999 |
| 300 ## - PHYSICAL DESCRIPTION | |
| Extent | 200 p. : |
| 650 ## - SUBJECT ADDED ENTRY--TOPICAL TERM | |
| 9 (RLIN) | 1589 |
| Topical term or geographic name entry element | Education and Training |
| General subdivision | General |
| 856 ## - ELECTRONIC LOCATION AND ACCESS | |
| Uniform Resource Identifier | <a href="http://www.amazon.com/101-More-Traning-Games/dp/007101215X/ref=sr_1_1?s=books&ie=UTF8&qid=1425446835&sr=1-1&keywords=007101215X">http://www.amazon.com/101-More-Traning-Games/dp/007101215X/ref=sr_1_1?s=books&ie=UTF8&qid=1425446835&sr=1-1&keywords=007101215X</a> |
| 942 ## - ADDED ENTRY ELEMENTS (KOHA) | |
| Source of classification or shelving scheme | |
| Koha item type | Book |
| Withdrawn status | Lost status | Source of classification or shelving scheme | Damaged status | Not for loan | Permanent Location | Current Location | Shelving location | Date acquired | Source of acquisition | Cost, normal purchase price | Total Checkouts | Full call number | Barcode | Date last seen | Cost, replacement price | Price effective from | Koha item type |
|---|---|---|---|---|---|---|---|---|---|---|---|---|---|---|---|---|---|
| Pakistan Navy Engineering College (PNEC) | Pakistan Navy Engineering College (PNEC) | 01/28/2015 | Progressive International Agency / Reference Grant | 2971.00 | 658.3124 KRO | PNECLIB-031967 | 03/04/2015 | 2971.00 | 01/28/2015 | Book |
